000 00344nam a2200145Ia 4500
008 230917s9999||||xx |||||||||||||| ||und||
040 _e198486
_aMAIN
041 _aEnglish
082 _a658.8 C455M
100 _aChopra, Anamica
245 0 _aMarketing management
260 _aNew Delhi
_bGalgotia
_c2010
300 _a384 p.
942 _cBK
999 _c164726
_d164726